000 00341nam a2200157Ia 4500
100 _aMithal/Gyandendra K
250 _a12
942 _cBK
654 _aelectronics
245 _aIndustrial electronics
260 _bKhanna publications
_aNew Delhi
_c1989
082 _a621.381
_bMIT
300 _a700
546 _aENGLISH
999 _c34448
_d34448